| 000 | 004930000a22001930004500 | ||
|---|---|---|---|
| 003 | LK-CoMWRAF | ||
| 005 | 20230923234952.0 | ||
| 008 | 230817t ||||| |||| 00| 0 eng d | ||
| 020 | _a0860370682 | ||
| 040 |
_aLK-CoMWRAF _dLK-CoMWRAF _eLK-CoMWRAF |
||
| 041 | _aeng | ||
| 082 |
_a297.4 _bGHA |
||
| 100 | _aHolland, Muhtar | ||
| 245 | _aThe Duties of brotherhood in Islam | ||
| 260 |
_aU.K. : _bThe Islamic foundation, _c1983 |
||
| 300 | _a94p | ||
| 650 | _aIslam-Brotherhood | ||
| 942 | _cBK | ||
| 999 |
_c1006 _d1006 |
||